| 000 | 02863cam a22006134i 4500 | ||
|---|---|---|---|
| 003 | PE-LiUPU | ||
| 005 | 20250731165535.0 | ||
| 008 | 150625s r 000 0 d | ||
| 020 | _a8424913329 | ||
| 035 | _a(Sirsi) i9788424913328 | ||
| 040 |
_aPE-LiUPU _bspa _cPE-LiUPU _erda |
||
| 049 | _aPRUA | ||
| 082 | 0 | 4 | _aRC 412.03 C77 2 |
| 082 | 0 | 4 | _aRC 412.03 C77 1973 |
| 100 | 1 |
_aCorominas, Joan, _eautor. |
|
| 245 | 1 | 0 |
_aBreve diccionario etimológico de la lengua castellana. _n2 / _cJoan Corominas. |
| 250 | _a3a | ||
| 264 | 1 |
_aMadrid : _bGredos, _c1980. |
|
| 300 |
_a627 páginas ; _c24 centímetros |
||
| 336 |
_atext _2rdacontent |
||
| 337 |
_aunmediated _2rdamedia |
||
| 338 |
_avolume _2rdacarrier |
||
| 490 | 0 |
_aBiblioteca Romana Hispánica ; _v2 |
|
| 505 | 0 | _aBreve diccionario etimológico de la lengua castellana. De A-Z. | |
| 526 | _aSEG44 | ||
| 526 | _aSEG26 | ||
| 526 | _aP151 | ||
| 526 | _aP150 | ||
| 526 | _aP149 | ||
| 526 | _aP146 | ||
| 526 | _aP145 | ||
| 526 | _aP126 | ||
| 526 | _aP125 | ||
| 526 | _aP92 | ||
| 526 | _aP75 | ||
| 526 | _aP74 | ||
| 526 | _aP27 | ||
| 526 | _aP15 | ||
| 910 |
_btqv _d20220713 |
||
| 942 |
_2ddc _cBOOK |
||
| 949 |
_aRC 412.03 C77 2 _wDEWEY _c1 _i21255 _lCCODEBUL1 _mBUL _r0 _sY _tBOOK _u2015-6-25 _xEDUCACION _zUNKNOWN _0COMPRA _o.CIRCNOTE. No olvidar cambiar la fecha de devolución!!!!!!! _o.STAFF. Colección General |
||
| 949 |
_aRC 412.03 C77 2 _wDEWEY _c2 _i20631 _lCCODEBUL1 _mBUL _r0 _sY _tBOOK _u2015-6-25 _xEDUCACION _zUNKNOWN _0COMPRA _o.CIRCNOTE. No olvidar cambiar la fecha de devolución!!!!!!! _o.STAFF. Colección General |
||
| 949 |
_aRC 412.03 C77 1973 _wDEWEY _c1 _iFJ13141 _lRCJ _mBUJ _p45.00 _r0 _sY _tBOOK _u2022-07-13 _xBIBLIOTECA _zUNKNOWN _0COMPRA _o.STAFF. Colección General Juliaca |
||
| 949 |
_aRC 412.03 C77 1973 _wDEWEY _c2 _iFJ13142 _lRCJ _mBUJ _p45.00 _r0 _sY _tBOOK _u2022-07-13 _xBIBLIOTECA _zUNKNOWN _0COMPRA _o.STAFF. Colección General Juliaca |
||
| 994 |
_aC0 _bPEPRU |
||
| 596 | _a1 3 | ||
| 999 |
_aRC 412.03 C77 2 _wDEWEY _c39516 _i21255 _f2021-11-8 _g5 _lRCG _mBUL _r1 _sY _tBOOK _u2015-6-25 _xBIBLIOTECA _zUNKNOWN _0COMPRA _o.CIRCNOTE. No olvidar cambiar la fecha de devolución!!!! _o.STAFF. Colección General _d39516 |
||
| 999 |
_aRC 412.03 C77 2 _wDEWEY _c2 _i20631 _f2021-11-8 _g5 _lRCG _mBUL _r1 _sY _tBOOK _u2015-6-25 _xBIBLIOTECA _zUNKNOWN _0COMPRA _o.CIRCNOTE. No olvidar cambiar la fecha de devolución!!!!!!! _o.STAFF. Colección General |
||
| 999 |
_aRC 412.03 C77 1973 _wDEWEY _c1 _iFJ13141 _lCCODEBUJ1 _mBUJ _p45.00 _r0 _sY _tBOOK _u2022-7-13 _xBIBLIOTECA _zALL _0COMPRA _o.STAFF. Colección General Juliaca |
||
| 999 |
_aRC 412.03 C77 1973 _wDEWEY _c1 _iFJ13142 _lCCODEBUJ1 _mBUJ _r0 _sY _tBOOK _u2022-7-13 _xBIBLIOTECA _zALL _0COMPRA _o.STAFF. Colección General Juliaca |
||
| 980 |
_81 _gALBERTO SANCHEZ Responsable de Automatización |
||